[Event "IECG TG.2005.0.15392"]
[Site "IECG email"]
[Date "2005.05.01"]
[Round "1"]
[White "Unni, Sankaran"]
[Black "Fonda, Eduardo"]
[Result "0-1"]
[WhiteElo "2212"]
[BlackElo "2152"]
[PlyCount "40"]
[EventDate "2005.05.01"]
[EventType "match (corr)"]
[EventRounds "2"]
[SourceTitle "Corr 2008"]
[Source "ChessBase"]
[SourceDate "2008.06.24"]
[SourceVersion "1"]
[SourceVersionDate "2008.06.24"]
[SourceQuality "1"]

1. e4 e5 2. Nf3 Nc6 3. d4 exd4 4. Bc4 Nf6 5. 0-0 Nxe4 6. Re1 d5 7. Bxd5 Qxd5 8. Nc3 Qa5 9. Nxe4 Be6 10. Neg5 0-0-0 11. Nxe6 fxe6 12. Rxe6 Bd6 13. Bg5 Rde8 14. Qe2 Kd7 15. Rxe8 Rxe8 16. Qd3 g6 17. Bd2 Qf5 18. Qxf5+ gxf5 19. Kf1 Re4 20. h3 Ne5 0-1

[Event "IECG CM.2005.0.00273 email"]
[Site "IECG email"]
[Date "2005.04.03"]
[Round "?"]
[White "Lehnert, Ronald"]
[Black "Unni, Sankaran"]
[Result "1-0"]
[WhiteElo "2223"]
[BlackElo "2212"]
[PlyCount "59"]
[EventDate "2005.04.03"]
[EventType "tourn (corr)"]
[EventRounds "6"]
[SourceTitle "Corr 2008"]
[Source "ChessBase"]
[SourceDate "2008.06.24"]
[SourceVersion "1"]
[SourceVersionDate "2008.06.24"]
[SourceQuality "1"]

1. d4 d5 2. c4 e6 3. Nf3 Nf6 4. Nc3 Be7 5. Bg5 0-0 6. e3 b6 7. cxd5 exd5 8. Bd3 Bb7 9. 0-0 a6 10. Qc2 h6 11. Bh4 Re8 12. Rfd1 Nbd7 13. Rab1 Ne4 14. Nxd5 Bxd5 15. Bxe4 Bxe4 16. Qxe4 Bxh4 17. Qxh4 Qxh4 18. Nxh4 c5 19. Rbc1 cxd4 20. Nf5 Nf6 21. Nxd4 Rec8 22. Kf1 Kf8 23. Ke2 Ke8 24. Nf5 Rxc1 25. Rxc1 Kf8 26. Rc6 Rb8 27. Nxh6 Nd5 28. Nf5 Nb4 29. Rc4 Nxa2 30. Rh4 1-0